| 000 | 01046nam a22002537a 4500 | ||
|---|---|---|---|
| 005 | 20170511153911.0 | ||
| 008 | 140702b2009 ck ||||| ||||a00| 0 spa d | ||
| 020 | _a9789589959718 | ||
| 041 | _aspa | ||
| 044 | _ack | ||
| 082 | 0 | 4 |
_a631.44 _bR69z |
| 245 | 0 | 0 | _aZonificación ambiental y forestal del municipio de Manaure, departamento de la La Guajira. |
| 260 |
_aBogotá _bCorpoguajira _bCONIF _c2009 |
||
| 300 |
_a126 p. _bil., tablas _c28 cm. _e8 mapas |
||
| 505 | _aAspectos conceptuales y metodológicos (pag. 13) | ||
| 505 | _aDiagnóstico general del Municipio de Manaure (pag. 21) | ||
| 505 | _aZonificación ambiental del Municipio de Manaure (pag. 101) | ||
| 650 |
_aSuelos _vclasificación _zManaure (Municipio, Dpt. Guajira) _924597 |
||
| 650 |
_aUso de la tierra _zManaure (Municipio, Dpt. Guajira) _924598 |
||
| 651 |
_aColombia _zMunicipio de Manaure _zRiohacha, Guajira _924599 |
||
| 710 | 1 |
_aCorpoguajira _924589 |
|
| 710 | 1 |
_924590 _aCorporación Nacional de Investigación y Fomento Forestal (CONIF) |
|
| 942 |
_2ddc _cImpreso _01 |
||
| 999 |
_c8504 _d8504 |
||